1295 1407 1017 1982 1499 1314 1230 1801 1265 1303 1089 1550 1674 1326 1483 1137 1258 1007 1685 1975 1965 1227 1117 1482 1637 1342 1382 1958 1771 1233 1647 1032 1916 1181 1029 1785 1445 1189 1040 1945 1455 1403 1178 1895 1645 1202 1498 1196 1274 1014 1533 1298 1812 1540 1157 1529 1771 1451 1293 1897 1473 1228 1333 1385 1803 1913 1199 1314 1699 1863 1339 1469 1323 1058 1265 1553 1054 1710 1207 1996 1496 1346 1119 1706 1515 1675 1960 1964 1064 1898 1977 1068 1232 1418 1874 1450 1322 1064 1457 BCNSPRNW ULIB Ver.6.0+V

เปลี่ยนเป็นภาษาไทย

Change to English
 แสดงรายละเอียดบรรณานุกรม
  กลับหน้าหลัก

Brief Record : Get Marc (ISO 2709) : E-mail record : QR code < ปิดหน้าต่าง
LEADER : 00000nam 2200000uu 4500
001    13399126124
003     ULIB
008    180611s2012||||th 000 0 tha d
020    ^a9781438071770 (pbk. with MP3 CD)
050 00 ^aPE1128^bS532B
100 1  ^aSharpe, Pamela J.,^eauthor.
245 10 ^aBarron the Leader in Test Preparation Outsmart theTOEFL Test Strategies and Tips /^bPamelaJ. Sharpe, Ph.D.
246 3  ^aBarron the Leader in Test Preparation
260    ^aNew York^bBarron Educational Series,Inc^c2012
300    ^a391 pages :^billustrations ;^c28 cm ^e1MP3-CD(digital ; 4 3/4 in.)
650  0 ^aTest of English as a Foreign Language^vStudy guides.
650  0 ^aEnglish language^xExaminations^vStudy guides.
650  0 ^aEnglish language^vSound recordings for foreign speakers.
945    ^p875^l0^i004216
945    ^p875^l0^i004217
999    ^aวรรณษา ชูชัยมงคล
รายการนี้ยังไม่มีแท็ก
คุณยังไม่ได้ล็อกอิน คุณสามารถมีกิจกรรมร่วมกับเว็บไซต์ได้ แต่ต้องล็อกอินก่อน ::
  ล็อกอิน

รายการสื่อสารสนเทศ

ลำดับที่ ประเภท เลขเรียก/บาร์โค้ด สถานที่ สถานะ
1. วิทยาศาสตร์การแพทย์ และสุขภาพ
หนังสือสำรอง
สถานะ=หนังสือสำรอง
PE1128 S532B ฉ.1 
  Barcode: 004216
ห้องสมุดวิทยาเขตนครสวรรค์
►นวนิยาย:l:Fiction
บนชั้น
2. วิทยาศาสตร์การแพทย์ และสุขภาพ
วิทยาศาสตร์การแพทย์ และสุขภาพ
PE1128 S532B ฉ.2 
  Barcode: 004217
ห้องสมุดวิทยาเขตนครสวรรค์
►นวนิยาย:l:Fiction
บนชั้น

BibComment


ยังไม่เคยถูกคอมเมนท์

คอมเมนท์ทรัพยากรรายการนี้
  คอมเมนท์: Barron the Leade..


 Copyright 2026. Bcnsprnw @Library